|
|
|
|
| LEADER |
00000cam a2200000 7i4500 |
| 001 |
0000004088 |
| 005 |
20160419.0 |
| 020 |
0 |
0 |
|a 9789670622484
|
| 090 |
0 |
0 |
|a 632.3
|b AQU
|
| 245 |
1 |
0 |
|a Penyakit, perosak dan gangguan pokok karas (aquilaria)
|c A Mohd Farid...[et.al]
|
| 260 |
0 |
0 |
|a Kepong, Selangor :
|b FRIM ,
|c 2005
|
| 300 |
|
|
|a 62 pages. :
|b ill. ;
|c 21cm.
|
| 650 |
0 |
0 |
|a Herbs---doseases and pests
|
| 650 |
0 |
0 |
|a Medicinal plants---Malaysia
|
| 700 |
0 |
1 |
|a SP Ong
|
| 700 |
0 |
1 |
|a WA Wan Muhd Azrul
|
| 998 |
|
|
|a JPSM
|
| 999 |
|
|
|a 007909
|b Monograph
|c Open Shelf
|e Default branch
|
| 999 |
|
|
|a 007910
|b Monograph
|c Open Shelf
|e Default branch
|